[Event "Bundesliga 0102"]
[Site "Germany"]
[Date "2001.11.24"]
[Round "3.4"]
[White "Gustafsson, Jan"]
[Black "Pelletier, Yannick"]
[Result "1-0"]
[WhiteElo "2535"]
[BlackElo "2531"]
[Annotator "Golod,V"]
[PlyCount "91"]
[EventDate "2001.10.06"]
[EventType "team-tourn"]
[EventRounds "15"]
[EventCountry "GER"]
[SourceTitle "CBM 087"]
[Source "ChessBase"]
[SourceDate "2002.03.21"]
[SourceVersion "1"]
[SourceVersionDate "2002.03.21"]
[SourceQuality "1"]
[WhiteTeam "Hamburger SK"]
[BlackTeam "Werder Bremen"]
[WhiteTeamCountry "GER"]
[BlackTeamCountry "GER"]

1. d4 Nf6 2. c4 e6 3. Nc3 Bb4 4. Qc2 O-O 5. a3 Bxc3+ 6. Qxc3 d6 7. Bg5 h6 8.
Bh4 Nbd7 9. Nf3 b6 $5 ({Comments to} 9... g5 $6 {(also 9...Qe8!? and 9...Qe7)
you can find in annotations to Onischuk,A-Van der Wiel,J/Wijk aan Zee,2000/CBM
75 (1-0)(Golod,V)(34)}) 10. Nd2 (10. e3 $143 Bb7 11. Be2 Qe7 12. O-O g5 13. Bg3
Ne4 14. Qc2 f5 15. Nd2 Ndf6 $11 {Guerra Bastida,D-Rodriguez,A/Malaga,1991 (1/
2-1/2)(32)}) 10... Bb7 11. f3 {It's more essentially, than:} (11. e3 $5 {
See commenst to Kharlov,A-Kiselev,S/Vladivostok,1994/CBM 43(1-0)(Chekhov,V) 
(38)}) 11... Rc8 (11... d5 $143 12. e3 Rc8 13. c5 bxc5 14. dxc5 c6 15. Bd3 Re8
16. O-O e5 17. Bf5 $14 {Rossen,C-Speelman,J/Copenhagen, 2001(1/2-1/2)(36)}) 12.
e4 ({Clearly,that it is worse:} 12. e3 c5 13. dxc5 Rxc5 14. b4 Rc8 15. Qb2 e5
16. e4 Re8 17. Bd3 Nf8 18. O-O Ng6 19. Bf2 Nf4 20. Qb3 Nh7 21. Be1 Qg5 $132 {
Arlandi,E-Bellia,F/Montecatini Terme,2001 (1/2-1/2)(55)}) 12... c5 ({
Impossibly:} 12... Nxe4 $2 {in view of:} 13. Bxd8 Nxc3 14. Bh4 Na4 15. b3 {
[%csl Ra4]} Nc3 16. Rc1 Na2 17. Rc2 $18 {[%csl Ra2]}) 13. Bd3 (13. dxc5 $143
Nxc5 {[%csl Rc3,Gc8,Rh4]} (13... Rxc5 $143 14. Qd4 Qb8 15. Be2 {+/=/=
Kortschnoj,V-Kosten,A/Hastings,1988(1-0)(31)}) 14. Qd4 e5 15. Qg1 $6 (15. Qf2
$5) 15... Ne6 16. O-O-O Qe7 17. Kb1 Rc7 18. Bf2 Rfc8 19. Be3 b5 $1 $36 {
Dydyshko,V-Ionov,S/St.Petersburg,1992 (0-1)(34)}) ({and} 13. Bf2 Qe7 14. Be2
Nh5 15. g3 f5 $36 {Flear,G-Chandler,M/Walsall,1992(0-1)(54)}) (13. d5 $2 exd5
14. cxd5 (14. Bxf6 $8 Nxf6 15. cxd5 Re8 $15) 14... Nxe4 $1 15. Bxd8 Nxc3 16.
bxc3 Rcxd8 $17 {Narciso Dublan,M-Ferorchuk,S/Ohrid,2001(0-1)(86)}) 13... cxd4 (
{Loses right away:} 13... Nxe4 $2 14. Bxe4 Qxh4+ 15. g3 $18 {[%csl Rb7,Rh4]}) (
{Can be recommended:} 13... d5 $5 {You can see comments to Kasparov,G-Kramnik,
V/Linares,1998/CBM 64(1/2-1/2)(Kostakiev,D)(52)}) 14. Qxd4 Nc5 $146 {[%mdl 8]}
({Was checked in the previous games:} 14... Ne5 $5 15. Be2 (15. O-O $5 Ng6 16.
Bf2 Qe7 17. Rfe1 Rfd8 18. Bf1 Nd7 19. a4 a5 {+/=/= Gerstner,W-Farago,I/
BL2-S9697 1997(/1/2-1/2)(51)}) 15... Ng6 16. Bxf6 Qxf6 17. Qxf6 gxf6 18. g3 d5
19. exd5 exd5 20. Kf2 Rfd8 (20... Ne5 $143 21. cxd5 Bxd5 22. Rac1 Rfd8 23. Rhd1
Be6 24. Ne4 $14 {Hoang Than Trang-Lin Ye/Kishinev,1995(1/2-1/2)(23)}) 21. Rhd1
Ne5 22. b3 (22. cxd5 $5) 22... dxc4 23. Nxc4 Bd5 24. Nd2 Be6 $11 {Hoang Than
Trang-Eperjesi,L/Budapest,1994(1/2-1/2)(37)}) 15. Be2 e5 16. Qf2 {[%csl Yf2]
[%cal Yf2h4]} Ne6 {White has a clear positional advantage, but their pieces
are located extremely unsuccessfully.} 17. O-O g5 $5 ({Is a possible
continuation of the play:} 17... Nf4 18. Rfd1 Ng6 19. Bg3 Nh5 20. Nf1 {+/=/=})
18. Bg3 Nh5 19. Rfd1 Nhf4 ({Also not bad to put another knight in camp of
white:} 19... Nd4 $5) 20. Bf1 Bc6 ({Black do not want to leave without the
control a point "f4":} 20... Nd4 $5) 21. Rac1 Qd7 $6 {It's loss of time.} (
21... f5 $5 22. exf5 Nd4 23. Ne4 Nxf5 $13) 22. Qe3 $6 (22. Bxf4 $5 Nxf4 $140
23. Qe3 {+/=/=} (23. c5 $2 dxc5 24. Nc4 Qc7 (24... Qe6 $2 25. Rd6 {[%csl Rh6]})
25. g3 Ne6 26. Nd6 Rcd8 27. Nf5 Kh7 28. Qg2 g4 29. fxg4 Ng5 $15)) 22... Nd4 23.
Nb1 b5 $6 {Probably black blundered,because he didn't see 26.Rxd4!} ({Much
better is:} 23... f5 $5 $13 {/\Nh3+ and f4 and all pieces of black with
convenience enter in game.}) 24. Nc3 bxc4 25. Bxc4 $14 Ba4 $6 {[%mdl 16384]
Black continues the erroneous line.} (25... a5 $142 $5 26. Rxd4 $140 exd4 27.
Qxd4 Qe7 $14) 26. Rxd4 $1 (26. Nxa4 $6 Qxa4 $132 {[%csl Rc4]}) 26... exd4 27.
Qxd4 {[%csl Rg8] +/=/+/-} Bb3 $1 ({Weakly:} 27... Ne6 {because of:} 28. Bxe6 (
28. Qd3 $5) 28... fxe6 {[%csl Rc1,Gc8]} 29. Bxd6 $16) 28. Bf1 {It's best
decision.} (28. Bxb3 $6 Rxc3 29. Bxf7+ (29. Rxc3 $4 Ne2+ {[%csl Rd4,Rg1]}) (29.
Bxf4 $143 Rxb3 30. Bxd6 Rd8 {+/=/=}) 29... Rxf7 30. Bxf4 Rxc1+ 31. Bxc1 g4 32.
f4 Qc6 $14 {[%csl Re4]}) 28... Qe7 (28... f5 $143 29. Re1 {[%csl Rg8]}) 29. Re1
({Also good enough:} 29. Qd2 $5 Qe5 30. Bf2 {[%csl Gf1,Gf2]}) 29... Rfe8 30.
Bb5 $5 Red8 $140 31. Nd5 Bxd5 $2 {[%mdl 16384]} (31... Nxd5 $6 32. exd5 Qb7 33.
Bc6 Qb6 34. Qxb6 axb6 35. Re4 {[%cal Ge4b4]} b5 36. Re3 Ba2 37. b3 $16 {
[%csl Ra2]}) ({It was necessary:} 31... Qe5 $1 32. Qxe5 dxe5 33. Ne7+ Kg7 34.
Nxc8 Rxc8 $14 {[%csl Rb2][%cal Gc8c2]}) 32. exd5 Qb7 33. Bc6 Qb6 {Leads to bad
endgame,but it's difficult to find a good recommendation:} 34. Qxb6 axb6 35.
Bxf4 gxf4 36. Re4 $16 Rc7 37. Kf2 {There is no need to hasten to take the pawn
"f4".} Rdc8 38. Rxf4 Kg7 39. Rb4 Re7 $2 ({More stubborn resistance after:} 
39... Rb8 $8 40. a4 $16) 40. Rxb6 Rcc7 41. a4 {The rest is the matter of
technics.} Re5 42. a5 Rce7 43. a6 Re2+ 44. Kg3 Kf6 45. Rb7 R7e5 46. h4 {
[%csl Yh4][%cal Yh4g5,Ga6a7]} 1-0

[Event "EU-ch 2nd"]
[Site "Ohrid"]
[Date "2001.06.09"]
[Round "8"]
[White "Gurevich, Mikhail"]
[Black "Hulak, Krunoslav"]
[Result "1-0"]
[WhiteElo "2688"]
[BlackElo "2564"]
[Annotator "Golod,V"]
[PlyCount "75"]
[EventDate "2001.06.01"]
[EventType "swiss"]
[EventRounds "13"]
[EventCountry "YUG"]
[SourceTitle "CBM 084"]
[Source "ChessBase"]
[SourceDate "2001.09.13"]
[SourceVersion "1"]
[SourceVersionDate "2001.09.13"]
[SourceQuality "1"]

1. d4 Nf6 2. c4 e6 3. Nc3 Bb4 4. Qc2 O-O 5. a3 Bxc3+ 6. Qxc3 Ne4 7. Qc2 f5 8.
e3 b6 9. Ne2 (9. Bd3 {Unassuming move which is not giving special advantage.
See comments to Hoang Than Trang-Volzhin,A/Budapest,2000/CBM 76 (1/2-1/2)
(Golod,V)(37)}) ({Besides, white has two alternatives:} 9. Nf3) ({and} 9. Nh3)
9... Bb7 10. f3 Qh4+ $6 {In my opinion it's dubious decision.Can be
recommended:} (10... Nf6 $5 {( and also 10...Nd6!?) you cand find in
annotations to game:Kruppa,Y-Nosenko,A/ Donetsk,1998/CBM 68(1-0)(Golod,V)(48)})
11. g3 Qe7 ({Dubious:} 11... Qh5 12. Bg2 $140 Ng5 {because of:} 13. Nf4 Qh6 (
13... Nxf3+ $4 14. Kf2 Qg4 15. h3 $18 {[%csl Rf3,Yg4][%cal Gh3g4]}) 14. O-O $14
) 12. Bg2 Nf6 ({Now senselessly:} 12... Nd6 {in view of:} 13. b4) 13. O-O $14
c5 {On this game,Mikhail Gurevich checks at once:} 14. b4 $5 {with ideas to
save tempo in the future.} ({It deserves attention:} 14. b3 $5 {White's plan
is: Bb2,Rad1 and play in the centre.You can see comments to game:Gurevich,M-De
Firmian,N/Esbjerg,2000/CBM 78(1-0)(Golod,V)(39)}) (14. dxc5 $143 bxc5 15. Bd2
a5 16. Rad1 d5 17. cxd5 Nxd5 $2 (17... exd5 $142) 18. e4 $16 {Ippolito,
D-Milovanovic,D/Parsippany,2001 (1/2-1/2)(60)}) 14... d6 ({Impossibly:} 14...
cxb4 15. axb4 $140 Qxb4 $4 16. Ba3 $18 {[%csl Ga1,Ga3,Rb4,Rf8]}) 15. Bb2 $6
$146 ({Was checked in the previous game:} 15. dxc5 $5 dxc5 (15... bxc5 16. bxc5
dxc5 17. Rb1 $14) 16. Bb2 Nc6 17. b5 Nd8 18. a4 a5 19. e4 fxe4 20. fxe4 Nf7 21.
Nf4 {+/=/+/- Van Wely,L-Korchnoi,V/Hengelo,2000 (0-1)(46)}) 15... Nbd7 16. Rad1
Rac8 ({Was interestingly looked for black:} 16... cxb4 $5 17. axb4 $140 a5 18.
bxa5 Rfc8 $5 $132) 17. dxc5 bxc5 ({Much worse is:} 17... dxc5 18. b5 $14) 18.
b5 Nb6 19. Rfe1 ({A little prematurely:} 19. e4 {because of:} fxe4 20. fxe4 e5
$13 {[%csl Rc4,Re4][%cal Ge7e6]}) 19... d5 $6 {From my point of view,it was
necessary to set forward another pawn:} (19... e5 $5 20. Rd2 $13 (20. Qxf5 $2
Nxc4 21. Bc1 d5 $15 {[%csl Gc5,Gd5,Ge5]})) 20. cxd5 exd5 ({Also white has a
positional advantage,after:} 20... Nfxd5 21. Nf4) 21. Nf4 $14 ({Very badly:} 
21. Qxf5 $2 {because of:} Nc4 {[%csl Rb2,Re3]} 22. Bc1 Nxe3 23. Bxe3 Qxe3+ 24.
Kh1 Rfe8 $17) 21... Rce8 $2 {Black should protect pawn "f5":} (21... Nfd7 22.
a4 (22. Nh5 $5 $36 {[%csl Gb2,Rg7,Gh5]})) ({or} 21... g6) 22. Qxf5 {Now this
capture only increases a advantage of white!} Nc4 23. Bc1 $1 {[%csl Re3][%cal
Yc1e3]} (23. Bxf6 $143 Rxf6 24. Qg5 Qe5 $5 (24... h6 25. Qh5) (24... Nxe3 $6
25. Nxd5 Bxd5 26. Rxd5 {+/=/+/-}) 25. Qxe5 Nxe5 $44 {[%csl Rf3]}) 23... d4 ({
White save a material advantage,after:} 23... Nd6 24. Qd3 c4 25. Qb1 $16 {
[%csl Yb1,Rb5]}) 24. Qc2 $1 $16 {The important intermediate move.} Nxe3 ({
Loses right away:} 24... Nb6 25. exd4 Qxe1+ 26. Rxe1 Rxe1+ 27. Kf2 $18 {
[%csl Rc5,Re1][%cal Gd4c5,Gf2e1]}) ({and} 24... Ne5 25. exd4 cxd4 26. Nd3 $18)
25. Bxe3 dxe3 26. Rd3 {[%csl Re3][%cal Gd3e3]} g5 {Hardly it is possible to
offer the best move.} 27. Rdxe3 Qxe3+ 28. Rxe3 Rxe3 29. Nd3 g4 $6 ({More
stubborn resistance after:} 29... Rfe8 30. Bf1 Bxf3 31. Qxc5 $16) 30. fxg4 Bxg2
31. Kxg2 $18 Ne4 (31... Nxg4 $142 32. Qxc5 Re2+ 33. Kh3 Nf2+ (33... Nxh2 34.
Nf4 $18) 34. Nxf2 Rfxf2 35. Qxa7 Rxh2+ 36. Kg4 $18 {[%csl Gb5]}) 32. Qc4+ Kh8
33. Qd5 $1 {As is known,at the centre of a board the queen is very strong.}
Re2+ 34. Kg1 Re8 (34... Nf6 $144 35. Qf3 {[%cal Gg4g5]} Ree8 36. Nxc5) 35. Nf4
Re1+ 36. Kg2 Nf6 37. Qf5 Ng8 38. Qxc5 {Further resistance is impossible.} 1-0

[Event "Bundesliga 0102"]
[Site "Germany"]
[Date "2001.11.24"]
[Round "3.1"]
[White "Stohl, Igor"]
[Black "Rozentalis, Eduardas"]
[Result "1/2-1/2"]
[WhiteElo "2533"]
[BlackElo "2588"]
[Annotator "Golod,V"]
[PlyCount "57"]
[EventDate "2001.10.06"]
[EventType "team-tourn"]
[EventRounds "15"]
[EventCountry "GER"]
[SourceTitle "CBM 087"]
[Source "ChessBase"]
[SourceDate "2002.03.21"]
[SourceVersion "1"]
[SourceVersionDate "2002.03.21"]
[SourceQuality "1"]
[WhiteTeam "Neukoelln"]
[BlackTeam "Castrop Rauxel"]
[WhiteTeamCountry "GER"]
[BlackTeamCountry "GER"]

1. d4 Nf6 2. c4 e6 3. Nc3 Bb4 4. Qc2 O-O 5. a3 Bxc3+ 6. Qxc3 b6 7. Bg5 Ba6 8.
Qf3 {[%mdl 4] Probably,white can not expect a big advantage in this variant.}
Nc6 9. e3 Bb7 $5 ({Interestingly from the beginning:} 9... Na5 $5 {See
comments to Beliavsky,A-Kortschnoj,V/Lviv,2000/CBM 77 (1/2-1/2)(Golod,V)(33)})
({Also it deserves attention:} 9... h6 {See comments to Dautov,R-Gyimesi,Z/
Ohrid 2001/CBM 84(1/2-1/2)(Golod,V)(24)}) 10. Qd1 $5 {The white's queen has
finished the travel and has returned on the "d1".} ({Also a little dubiously:} 
10. O-O-O Qe7 (10... h6 $143 11. Bxf6 Qxf6 12. Qxf6 gxf6 $14 {Kallio,H-Medvegy,
Z/Budapest,2001(1/2-1/2)(70)}) (10... Na5 $5 11. d5 Nb3+ 12. Kc2 Nc5 13. Rd4 d6
14. Ne2 Ncd7 15. Nc3 h6 16. h4 $13 {Turov,M-Gausel,E/Ohrid,2001 (1/2-1/2)(60)})
11. Bd3 Na5 12. Qf4 h6 13. h4 Qd6 $1 14. Bxf6 Qxf4 15. exf4 gxf6 16. Ne2 d5 $11
{Gustafsson,J-Rozentalis,E/Panormo,2001(1/2-1/2)(44)}) (10. Bxf6 $6 {(it is
better to wait: "h6")} gxf6 11. Bd3 f5 12. Ne2 Kh8 13. Qh5 Qf6 14. Rg1 $14 {
Ekeberg,C-Nilssen,J/Bergen,2001(1/2-1/2)(41)}) (10. Rc1 $5 {[%csl Yc1,Rc4]
[%cal Yc1c4]} h6 11. Bxf6 Qxf6 12. Qxf6 gxf6 13. Ne2 Ne7 14. Nc3 f5 15. Be2 {
+/=/= Turov,M-Rozentalis,E/Montreal,2001(1/2-1/2)(23)}) 10... h6 $5 $146 ({
Was checked in the previous game:} 10... d6 11. Nf3 (11. Ne2 $5) 11... Nb8 12.
Bd3 Nbd7 13. O-O h6 14. Bh4 c5 15. Qe2 Qc7 16. dxc5 bxc5 $11 {Yu
Mingyuan-Petran,P/Budapest,2001(0-1) (62)}) 11. Bh4 ({Now senselessly:} 11. h4
{even because of:} hxg5 12. hxg5 g6 13. gxf6 Qxf6 {/\Kg7,Rh8<->h}) 11... d6 12.
Ne2 $5 {[%cal Ge2c3]} ({After:} 12. Nf3 Nb8 $5 {(/\Nbd7,c5) black receive a
convenient game.}) 12... g5 $5 ({Now weakly:} 12... Nb8 13. Nc3 $140 Nbd7 {
in view of:} 14. d5 {with positional advantage of white.}) 13. Bg3 Ne4 {
[%csl Rg3][%cal Ge4g3]} 14. f3 {In my opinion it's correct decision.} (14. h4
$143 {[%csl Rg8]} Ne7 15. hxg5 hxg5 16. Qd3 {[%csl Rg8][%cal Gf2f3]} f5 $13)
14... Nxg3 15. hxg3 {[%csl Rh6] <->h} Kg7 (15... Qf6 $5) 16. g4 $5 $14 {
[%csl Rh6][%cal Ge2g3,Gg3h5]} f5 17. d5 $5 {[%csl Rg7]} ({Also good enough:} 
17. gxf5 $5 exf5 $140 18. d5 Ne5 19. Nd4 Bc8 $14) 17... Ne7 ({Also white save
a clear advantage after:} 17... Ne5 18. gxf5 exf5 19. Nd4 Bc8 20. Qd2 $14) 18.
gxf5 Nxf5 $5 {[%mdl 512] Black have decided to offer a pawn"e6".} ({Is a
possible continuation of the play:} 18... exf5 19. Nd4 Bc8 $14) 19. e4 Ne7 20.
Nd4 Bc8 $8 21. dxe6 $140 (21. Nxe6+ $143 Bxe6 22. dxe6 Rf6 {[%csl Re6]}) 21...
c5 22. Nb5 $6 ({Can be recommended:} 22. Nc2 $5 Bxe6 23. Qd2 {/\0-0-0(קd6)+/=}
) 22... Bxe6 23. Qxd6 ({Pretty dubiously:} 23. Nxd6 {because of:} Nc6 $132 {
[%csl Rd6][%cal Gc6d4]}) 23... Qxd6 24. Nxd6 a6 $1 {[%csl Ya6,Rd6][%cal Ya6b5,
Ga8d8]} 25. O-O-O Rad8 26. Be2 ({After:} 26. b4 cxb4 27. axb4 Nc6 28. b5 axb5
29. cxb5 Ne5 {black has a good compensation behind a pawn.}) 26... Nc6 $44 {
[%cal Gc6d4]} 27. Nf5+ Bxf5 28. Rxd8 Rxd8 $1 ({Much worse is:} 28... Nxd8 29.
exf5 Rxf5 30. Bd3 {+/=/=}) 29. exf5 {After this move,Stohl has offered a draw,
because of next variants:} (29. exf5 Nd4 {[%csl Re2,Rf5]} 30. Bd3 Nxf3 31. f6+
Kf7 $1 (31... Kxf6 $5 32. Bc2 Nd4 33. Rxh6+ Ke5 34. Rxb6 Ne2+ 35. Kb1 Rd2 36.
Rxa6 Nd4 $44 {[%csl Rc2,Rg2,Gg5]}) 32. Be4 Ne5 33. Bd5+ Kg6 $1 34. Be4+ Kf7 $11
) 1/2-1/2

[Event "WchT 6th"]
[Site "Beersheba"]
[Date "2005.11.07"]
[Round "6.4"]
[White "Bareev, Evgeny"]
[Black "Anastasian, Ashot"]
[Result "1-0"]
[WhiteElo "2675"]
[BlackElo "2596"]
[Annotator "Golod,V"]
[PlyCount "83"]
[EventDate "2005.11.01"]
[EventType "team-tourn"]
[EventRounds "9"]
[EventCountry "ISR"]
[SourceTitle "CBM 110"]
[Source "ChessBase"]
[SourceDate "2006.01.31"]
[SourceVersion "1"]
[SourceVersionDate "2006.01.31"]
[SourceQuality "1"]
[WhiteTeam "Russia"]
[BlackTeam "Armenia"]
[WhiteTeamCountry "RUS"]
[BlackTeamCountry "ARM"]

1. d4 Nf6 2. c4 e6 3. Nc3 Bb4 4. Qc2 O-O 5. a3 Bxc3+ 6. Qxc3 d6 7. Nf3 Ne4 8.
Qc2 f5 9. g3 b6 10. Bg2 Bb7 11. O-O {Except the move made in the game, White
tried to use the pin in two different ways:} (11. Nd2 $5 Qf6 12. Nxe4 Bxe4 13.
Bxe4 fxe4 {קf2} 14. Be3 d5 15. cxd5 exd5 16. Qxc7 Nc6 17. Rd1 Rac8 $44 {
Koliopoulos,K-Sigalas,F/Athens,2004(0-1)(52)}) ({and} 11. Ng5 $5 Qf6 12. O-O
Qg6 13. Nxe4 Bxe4 14. Bxe4 fxe4 15. f3 exf3 16. Qxg6 hxg6 17. exf3 $14 {
Dias,P-Pinheiro,J/Bobadela,2002(1/2-1/2)(50)}) 11... Qe7 12. Rd1 $146 (12. Nd2
$143 d5 13. f3 Nf6 14. b3 c5 15. e3 Nc6 16. Bb2 Rad8 $11 {Herrmann,U-Mueller,H/
Germany,1999(1-0)(45)}) 12... Nd7 13. d5 {[%csl Rb7,Re4,Re6][%cal Gf3d4,Gd4e6]
A typical move for such a structure: White wants to "close" the bishop on "b7"
and planns to play "Nd4" /\Ne6.} e5 $6 (13... exd5 $5 {deserves attention:} 14.
cxd5 Rac8 {[%csl Rd5][%cal Gb7d5,Gf7d5,Gf6d5,Ye7f7,Yd7f6]} (14... Ndf6 $143 15.
Nd4 Nxd5 16. Nxf5 Rxf5 17. Bxe4 $14) 15. Nd4 Bxd5 16. f3 $13) 14. Nh4 $14 Qf6
15. Rf1 {The idea of this move is to prepare: 16.f3 Ng5 17.f4. But it was
possible to play "f3" immediately:} (15. f3 $5 Ng5 $140 16. Nxf5 $1 (16. f4
exf4 17. Bxf4 Rae8 18. Nf3 Ne4 $13) 16... Qxf5 17. Qxf5 Rxf5 18. h4 Nf7 (18...
Nxf3+ 19. exf3 $14) 19. Bh3 g6 20. e4 Rxf3 21. Kg2 Rf6 22. Bxd7 $14) 15... Ng5
(15... c6 $2 16. f3 Nec5 (16... Ng5 $4 17. dxc6 Bxc6 18. Bxg5 Qxg5 19. f4 $18 {
[%csl Rc6,Rg5]}) 17. b4 g5 18. Nxf5 Qxf5 19. Qxf5 Rxf5 20. bxc5 Nxc5 21. e4 $16
) 16. f4 (16. Nxf5 $6 {is not enough:} Qxf5 17. Qxf5 Rxf5 18. h4 Ne6 $1 19. e4
(19. dxe6 $143 Bxg2 20. Kxg2 Nc5 $11) 19... Rf6 20. dxe6 Nc5 21. b4 Nxe6 (21...
Nxe4 $4 22. Re1 $18) 22. Be3 {+/=/=}) 16... exf4 17. Bxf4 (17. gxf4 $6 Nc5 $1
18. Nxf5 (18. fxg5 $6 Qd4+ 19. Kh1 Qxh4 $132) 18... Qxf5 19. Qxf5 Rxf5 20. fxg5
Rxf1+ 21. Bxf1 Nb3 22. Rb1 Ba6 23. e3 Re8 {and Black is O.K.}) 17... g6 $6 {
I think that the sacrifice of the pawn was the better option, than the move
that Black did:} (17... Rae8 $5 18. Bxg5 Qxg5 19. Nxf5 Ne5 $44) 18. Qd2 Nf7 $6
(18... h6 $142 {keeping the knight on "g5".}) 19. Be3 {Evgeny Bareev transfers
his dark-squared bishop to the big diagonal.} (19. Nf3 $5 {[%cal Gf3d4,Gd4e6]
looks promising:} Rae8 20. Nd4 Nc5 21. b4 Ne4 22. Qd3 $14) 19... Rae8 20. Bd4
Qg5 21. Qc2 Nc5 $6 ({Black has missed a good chance to equalize the position:} 
21... Nfe5 $5 22. b3 (22. e4 fxe4 23. Qxe4 Nc5 24. Qc2 Qg4 $11) 22... c5 23.
dxc6 Bxc6 $11) 22. Rf4 Bc8 (22... Ne5 $5 {could be recommended:} 23. Nf3 Qe7 {
But anyway White continues to keep an advantage thanks to his pair of bishops
and a lot of space. Only the strong Ne5 gives Black some hope for counterplay.}
) 23. Raf1 {Evgeny Bareev positioned his pieces successfully.} Qh5 {[%csl Re2]
[%cal Gh5e2,Ge8e2] But Ashot Anastasian resourcefully defended.} 24. Bf3 Qh6
25. b4 Nd7 $6 ({Black missed a nice tactical option:} 25... Ng5 {/\Nh3+} 26.
Bg2 Nce4 {with hope for a better future.}) 26. Bg2 Nfe5 (26... Nde5 $5) 27. Nf3
Nxf3+ ({Another option was to avoid this exchange and play:} 27... Ng4 $5 28.
e4 Nde5 29. h3 Nxf3+ (29... Nf6 $5) 30. R4xf3 Ne5 (30... Rxe4 $4 31. Qxe4 fxe4
32. Rxf8+ Qxf8 33. Rxf8+ Kxf8 34. hxg4 $18) 31. R3f2 Qg5 32. Kh2 fxe4 33. Rxf8+
Rxf8 34. Rxf8+ Kxf8 35. Qxe4 $14 {In this ending, White is still better, but
Black has some chances for a draw.}) 28. exf3 $1 {White's plan - to put a pawn
on "f4" in order to prevent from one of black's pieces to occupy the "e5"
square. After this he could use the weakness of the diagonal a1-h8. The only
problem of this plan - the unsuccessful position of the rook on "f4".} Nf6 $2 (
28... Ne5 $142 $5 {[%csl Rf4][%cal Gg6g5] with the idea to prevent White's
plan: 29...g5 and 30...f4} 29. Rh4 Qg7 30. Bc3 $14) 29. Rh4 Qg7 30. Bc3 $16 {
[%cal Gh4d4] After this move the white rook is ready to come back to his
pieces and the remaining part of the game is a matter of technique only.} Re3 (
{Too late:} 30... g5 $6 31. Rd4 {and so on.}) 31. Qc1 Qe7 32. Rd4 Re8 {Right
now, Black's pieces occupied an open file, but after the few next moves we'll
find them on the back rank.} 33. Rdd1 Kf7 34. Rf2 Qd8 35. Bd4 R3e7 $6 (35...
Re2 $142 36. Rxe2 Rxe2 37. Bf1 Re8 $16 {with some chances for rescue.}) 36. Bf1
Bd7 (36... Nd7 $142) 37. Qc3 Ng8 38. c5 Kf8 39. c6 Bc8 40. Rdd2 Re1 ({The last
chance was:} 40... f4 $5 {in order to open the line for the bishop.}) 41. Bh8
$1 Qe7 $2 {This last mistake was made in a very hard position.} (41... R8e7
$142 42. Rde2 R1xe2 43. Rxe2 {+/-/+-}) 42. Rde2 $18 (42. Rde2 Rxe2 43. Rxe2 Qf7
44. Bg7+ $1 Qxg7 45. Rxe8+ {[%csl Gc3,Rc8,Ge8,Rg7]}) 1-0